01036nam a2200241 i 4500001000300000245014700003260011900150490001400269500005000283504002400333650003800357651005400395651005600449700003100505700002800536700002200564830001400586040000800600041000800608080003900616008004100655856009800696bg10aŚrodkowoeuropejskie studia polityczne. =bCentral European political studies /cred. Ryszard Paradowski, Szymon Ossowski, Ewa Jurgan1/2004. aPoznań :bWydaw. Naukowe Instytutu Nauk Politycznych i Dziennikarstwa Uniwersytetu im. Adama Mickiewicza,c2004.1 x1731-7517 aTekst częśc. franc., ros., streszcz. ang. aBibliogr. przy art. 9aMarketing politycznyxzagadnienia 9aEuropa Środkowo-Wschodniaxpolitykayod 1989 r. 9aEuropa Środkowo-Wschodniaxsocjologiayod 1989 r.1 aPARADOWSKI, Ryszard.eRed.1 aOSSOWSKI, Szymon.eRed.1 aJURGA, Ewa.eRed. x1731-7517 cBPK0 apol a32:316.3/.4](4-191.2-11)"1989/..." s pl f |000 0 pol  uhttp://koha.tu.koszalin.pl/cgi-bin/koha/opac-detail.pl?biblionumber=45021yKatalog online BPK